| 000 | 00443nam a22001697a 4500 | ||
|---|---|---|---|
| 003 | OSt | ||
| 005 | 20220103093450.0 | ||
| 008 | 220103b |||||||| |||| 00| 0 eng d | ||
| 020 | _a9788131805442 | ||
| 040 | _cHU | ||
| 082 | _a910.285 | ||
| 100 |
_aKumar Dr. S _926752 |
||
| 245 |
_aBasics of remote sensing and GIS _cKumar Dr. S |
||
| 260 |
_aBOSTON _bUNIVERSITY SCIENCE PRESS _c2013 |
||
| 300 |
_aiii,140 p _bpc _e22 |
||
| 942 |
_2ddc _cBOOKS _n0 |
||
| 999 |
_c25694 _d25694 |
||